España en su historia (Record no. 17943)
[ view plain ]
| 000 -LEADER | |
|---|---|
| campo de control de longitud fija | 01298nam a2200325 i 4500 |
| 001 - NÚMERO DE CONTROL | |
| campo de control | 17943 |
| 003 - IDENTIFICADOR DE NÚMERO DE CONTROL | |
| campo de control | ES-MaACL |
| 005 - FECHA Y HORA DE LA ÚLTIMA TRANSACCIÓN | |
| campo de control | 20250822055318.0 |
| 007 - CAMPO FIJO DE DESCRIPCIÓN FÍSICA--INFORMACIÓN GENERAL | |
| campo de control de longitud fija | t| |
| 008 - DATOS DE LONGITUD FIJA--INFORMACIÓN GENERAL | |
| campo de control de longitud fija | 010626s1948 ag f |||| | spa d |
| 080 ## - NÚMERO DE LA CLASIFICACIÓN DECIMAL UNIVERSAL | |
| Número de la Clasificación Decimal Universal | 821.134.2.09 |
| 080 ## - NÚMERO DE LA CLASIFICACIÓN DECIMAL UNIVERSAL | |
| Número de la Clasificación Decimal Universal | 930.85(460)"04/14" |
| 080 ## - NÚMERO DE LA CLASIFICACIÓN DECIMAL UNIVERSAL | |
| Número de la Clasificación Decimal Universal | 930.85(460:=411.16) |
| 080 ## - NÚMERO DE LA CLASIFICACIÓN DECIMAL UNIVERSAL | |
| Número de la Clasificación Decimal Universal | 930.85(460:=411.21) |
| 100 1# - ENTRADA PRINCIPAL--NOMBRE DE PERSONA | |
| Nombre de persona | Castro, Américo, |
| Fechas asociadas al nombre | 1885-1972 |
| 9 (RLIN) | 226525 |
| 245 10 - MENCIÓN DEL TÍTULO | |
| Título | España en su historia |
| Resto del título | : cristianos, moros y judíos / |
| Mención de responsabilidad, etc. | Américo Castro. |
| 260 ## - PUBLICACIÓN, DISTRIBUCIÓN, ETC. | |
| Lugar de publicación, distribución, etc. | Buenos Aires : |
| Nombre del editor, distribuidor, etc. | Losada, |
| Fecha de publicación, distribución, etc. | 1948. |
| 300 ## - DESCRIPCIÓN FÍSICA | |
| Extensión | 709 p., [7] h. de lám. ; |
| Dimensiones | 24 cm. |
| 510 ## - NOTA DE CITAS O REFERENCIAS BIBLIOGRÁFICAS | |
| Nombre de la fuente | CCPB, |
| Localización dentro de la fuente | 001294944-2 |
| 650 #4 - PUNTO DE ACCESO ADICIONAL DE MATERIA--TÉRMINO DE MATERIA | |
| Término de materia o nombre geográfico como elemento de entrada | Literatura española- |
| Subdivisión general | Historia y crítica |
| 9 (RLIN) | 14560 |
| 651 #7 - PUNTO DE ACCESO ADICIONAL DE MATERIA--NOMBRE GEOGRÁFICO | |
| Nombre geográfico | España- |
| Subdivisión general | Civilización- |
| Subdivisión cronológica | 0414-1474 |
| 9 (RLIN) | 161502 |
| 651 #4 - PUNTO DE ACCESO ADICIONAL DE MATERIA--NOMBRE GEOGRÁFICO | |
| Nombre geográfico | España- |
| Subdivisión general | Civilización- |
| -- | Influencia árabe. |
| 9 (RLIN) | 8166 |
| 651 #4 - PUNTO DE ACCESO ADICIONAL DE MATERIA--NOMBRE GEOGRÁFICO | |
| Nombre geográfico | España- |
| Subdivisión general | Civilización- |
| -- | Influencia judía. |
| 9 (RLIN) | 8167 |
| 852 ## - LOCALIZACIÓN | |
| Ubicación | ES-MaACL |
| Número de control de estantería | AND-44 |
| Nota libre | . - Biblioteca Juan Andrade |
| 852 ## - LOCALIZACIÓN | |
| Ubicación | ES-MaACL |
| Número de control de estantería | D-6375 |
| itemnumber | 18478 |
| Sublocalización o colección | R.29264 |
| -- | R.M.5970 |
| Ubicación en estantería | Sala Valle Inclán |
| Marcas de propiedad | Sello en tinta azul de la Biblioteca del Ateneo de Madrid |
| Encuadernación | Encuadernación holandesa |
| 942 ## - ELEMENTOS DE ENTRADA SECUNDARIOS (KOHA) | |
| Fuente del sistema de clasificación o colocación | Clasificación decimal universal |
| Tipo de ítem Koha | Libro impreso |
| Estatus retirado | Estado de pérdida | Estado de daño | No para préstamo | Biblioteca de origen | Biblioteca actual | Ubicación en estantería | Fecha de adquisición | Fuente de adquisición | Total de préstamos | Signatura topográfica completa | Código de barras | Visto por última vez | Precio de reemplazo | Tipo de ítem Koha |
|---|---|---|---|---|---|---|---|---|---|---|---|---|---|---|
| Biblioteca del Ateneo de Madrid | Biblioteca del Ateneo de Madrid | Sala Valle Inclán | 17/01/2008 | D-6375 | 901018332 | 23/02/2023 | 23/02/2023 | Libro impreso | ||||||
| Biblioteca del Ateneo de Madrid | Biblioteca del Ateneo de Madrid | Depósito 2 | 17/01/2008 | AND-44 | 1018331 | 23/02/2023 | 23/02/2023 | Libro impreso |
